<?xml version="1.0" encoding="UTF-8"?>
<record
    xmlns:xsi="http://www.w3.org/2001/XMLSchema-instance"
    xsi:schemaLocation="http://www.loc.gov/MARC21/slim http://www.loc.gov/standards/marcxml/schema/MARC21slim.xsd"
    xmlns="http://www.loc.gov/MARC21/slim">

  <leader>02315nam a2200337 a 4500</leader>
  <controlfield tag="001">C01378804c-2</controlfield>
  <controlfield tag="003">CO-ViMGA</controlfield>
  <controlfield tag="005">20230915225026.0</controlfield>
  <controlfield tag="008">121218s2009    mx a   gr     00110 spa d</controlfield>
  <datafield tag="020" ind1=" " ind2=" ">
    <subfield code="z">9786074429565</subfield>
  </datafield>
  <datafield tag="040" ind1=" " ind2=" ">
    <subfield code="a">CO-ViMGA</subfield>
    <subfield code="b">spa</subfield>
    <subfield code="c">CO-ViMGA</subfield>
  </datafield>
  <datafield tag="041" ind1="1" ind2=" ">
    <subfield code="h">eng</subfield>
  </datafield>
  <datafield tag="082" ind1="0" ind2="4">
    <subfield code="a">513.93 A79m</subfield>
    <subfield code="2">21</subfield>
  </datafield>
  <datafield tag="100" ind1="1" ind2=" ">
    <subfield code="a">Arya, Jagdish C.</subfield>
    <subfield code="9">525</subfield>
  </datafield>
  <datafield tag="245" ind1="1" ind2="0">
    <subfield code="a">Matem&#xE1;ticas aplicadas a la administraci&#xF3;n y a la econom&#xED;a </subfield>
  </datafield>
  <datafield tag="250" ind1=" " ind2=" ">
    <subfield code="a">5a. ed.</subfield>
  </datafield>
  <datafield tag="260" ind1=" " ind2=" ">
    <subfield code="a">M&#xE9;xico : </subfield>
    <subfield code="b">Pearson Educaci&#xF3;n, Prentice Hall, </subfield>
    <subfield code="c">2009.</subfield>
  </datafield>
  <datafield tag="300" ind1=" " ind2=" ">
    <subfield code="a">xiii, 818 p. : </subfield>
    <subfield code="b">il.</subfield>
  </datafield>
  <datafield tag="500" ind1=" " ind2=" ">
    <subfield code="a">Incluye &#xED;ndice.</subfield>
  </datafield>
  <datafield tag="504" ind1=" " ind2=" ">
    <subfield code="a">Incluye Ap&#xE9;ndices, Soluciones a problemas e &#xCD;ndice.</subfield>
  </datafield>
  <datafield tag="505" ind1="0" ind2=" ">
    <subfield code="a">Algebra - Ecuaciones de una variable - Desigualdades - L&#xED;neas rectas - Funciones y sus gr&#xE1;ficas - Logaritmos exponenciales - Progresiones matem&#xE1;ticas y financieras - Algebra de matrices - Inversas y determinantes - Programaci&#xF3;n lineal - La derivada - C&#xE1;lculo de derivadas - Optimizaci&#xF3;n y bosquejo de curvas - M&#xE1;s sobre derivadas - Integraci&#xF3;n - La integral definida - Funciones de varias variables</subfield>
  </datafield>
  <datafield tag="520" ind1=" " ind2=" ">
    <subfield code="a">En esta versi&#xF3;n se conserv&#xF3; y reforz&#xF3; la orientaci&#xF3;n de las aplicaciones a la administraci&#xF3;n y la econom&#xED;a, sin descuidar aplicaciones generales a otras &#xE1;reas, tales como ciencias sociales, biol&#xF3;gicas y f&#xED;sicas, a fin de que la obra pueda seguir siendo &#xFA;til a una amplia gama de estudiantes. Las aplicaciones referidas a estas &#xE1;reas se han integrado por completo en el desarrollo de la obra; a veces una aplicaci&#xF3;n particular se utiliza para motivar ciertos conceptos matem&#xE1;ticos; en otros casos, determinado resultado matem&#xE1;tico se aplica, ya sea de inmediato o en una secci&#xF3;n subsecuente, a un problema concreto, digamos, de an&#xE1;lisis empresarial.</subfield>
  </datafield>
  <datafield tag="534" ind1=" " ind2=" ">
    <subfield code="p">T&#xED;tulo original : </subfield>
    <subfield code="t">Mathematical analysis for business, economics, and the life and social sciences.</subfield>
  </datafield>
  <datafield tag="650" ind1="1" ind2="4">
    <subfield code="a">Matem&#xE1;tica financieras</subfield>
    <subfield code="v"> Problemas, ejercicios, etc.</subfield>
    <subfield code="v"> Libros electr&#xF3;nicos.</subfield>
    <subfield code="9">529</subfield>
  </datafield>
  <datafield tag="650" ind1="1" ind2="4">
    <subfield code="a">Matem&#xE1;ticas financieras</subfield>
    <subfield code="v"> Libros electr&#xF3;nicos.</subfield>
    <subfield code="9">526</subfield>
  </datafield>
  <datafield tag="650" ind1="1" ind2="4">
    <subfield code="a">Matem&#xE1;ticas para administradores</subfield>
    <subfield code="v"> Libros electr&#xF3;nicos.</subfield>
    <subfield code="9">527</subfield>
  </datafield>
  <datafield tag="650" ind1="1" ind2="4">
    <subfield code="a">Matem&#xE1;ticas para economistas</subfield>
    <subfield code="v"> Libros electr&#xF3;nicos.</subfield>
    <subfield code="9">528</subfield>
  </datafield>
  <datafield tag="700" ind1="1" ind2=" ">
    <subfield code="a">Ibarra Mercado, V&#xED;ctor Hugo.</subfield>
    <subfield code="9">531</subfield>
  </datafield>
  <datafield tag="700" ind1="1" ind2=" ">
    <subfield code="a">Lardner, Robin W.</subfield>
    <subfield code="9">530</subfield>
  </datafield>
  <datafield tag="942" ind1=" " ind2=" ">
    <subfield code="2">ddc</subfield>
    <subfield code="c">BK</subfield>
  </datafield>
  <datafield tag="999" ind1=" " ind2=" ">
    <subfield code="c">12088</subfield>
    <subfield code="d">12088</subfield>
  </datafield>
  <datafield tag="952" ind1=" " ind2=" ">
    <subfield code="0">0</subfield>
    <subfield code="1">0</subfield>
    <subfield code="2">ddc</subfield>
    <subfield code="4">0</subfield>
    <subfield code="7">0</subfield>
    <subfield code="8">003</subfield>
    <subfield code="a">MEVIECAR</subfield>
    <subfield code="b">MEVIECAR</subfield>
    <subfield code="d">2015-12-03</subfield>
    <subfield code="l">4</subfield>
    <subfield code="m">1</subfield>
    <subfield code="o">513.93  A79m</subfield>
    <subfield code="p">28914</subfield>
    <subfield code="r">2017-06-10 00:00:00</subfield>
    <subfield code="s">2017-05-30</subfield>
    <subfield code="t">1</subfield>
    <subfield code="w">2015-12-03</subfield>
    <subfield code="y">BK</subfield>
  </datafield>
  <datafield tag="952" ind1=" " ind2=" ">
    <subfield code="0">0</subfield>
    <subfield code="1">0</subfield>
    <subfield code="2">ddc</subfield>
    <subfield code="4">0</subfield>
    <subfield code="7">0</subfield>
    <subfield code="8">GEN</subfield>
    <subfield code="a">MERESTRE</subfield>
    <subfield code="b">MERESTRE</subfield>
    <subfield code="c">GEN</subfield>
    <subfield code="d">2025-07-24</subfield>
    <subfield code="l">0</subfield>
    <subfield code="o">513.93 A79m</subfield>
    <subfield code="p">RES00734</subfield>
    <subfield code="r">2025-07-24 15:39:11</subfield>
    <subfield code="t">Ej.1</subfield>
    <subfield code="w">2025-07-24</subfield>
    <subfield code="y">BK</subfield>
  </datafield>
</record>
